000 01499nam a2200373 c 4500
999 _c164427
_d164427
003 BLK
005 20240927150843.0
008 180410b bul|||||r ||||||| ||bul||
010 _aKNG00171938000
040 _aBLK
041 _aBUL
_cBUL
072 7 _2bullib
_aН84
_xБългарска художествена литература Н
080 _aБългарска литература
_b821.163.2
_x-311.6
_z821.163.2-311.6
100 1 _aТокораз Исто
_eпърви автор
_9129866
139 _aЦветкашки, Стоян Любомиров
_bЦ 34
245 1 0 _aТангра : Т. 9
_bБълг. ист. роман : Т. 1 -
_cТокораз Исто.
_nТ. 9
_pАйбат
257 _aBGR
260 _bИМН
_bОренда
_c2012 -
_fПловдив : студио Пиксел
300 _c20 см
380 _aX
500 _aТокораз Исто - псевд. на Стоян Любомиров Цветкашки.
653 _aисторически романи
659 _aН
700 _aЦветкашки, Стоян Любомиров
_d1968 -
_9285269
760 1 _aТокораз Исто
_d2014
_h632 с.
_tТ. 9 Айбат
852 _aЦб 318156
_bЦб
856 4 _qpdf
_i0.00
_ldisable
856 4 _qpdf
_i0.00
_ldisable
942 _cKNG
_n0
_024
_s1
944 _aCR
_c23.02.2015
_lГеновева Генчева
_k30560
944 _aED
_c25.02.2015
_lф /
_kЛюдмила_Стоянова
999 _d164427
999 _d164427